UK Farm Animals - Statistics

General Stats
  • This quiz has been taken 225 times
  • The average score is 9 of 11
Answer Stats
Hint Answer % Correct
oink Pig
100%
baa Sheep
100%
moo Cow
99%
woof Dog
99%
cluck Chicken
94%
neigh Horse
94%
*baby* moo Calf
86%
*Lays egg* Hen
76%
*Spit* Llama
65%
*baby*neigh Pony
34%
cockadoodledo Cockrell
15%
No matching quizzes found
Score Distribution
Percent of People with Each Score
Percentile by Number Answered
Your Score History
You have not taken this quiz